=LDR 00000nam 2200000 4500 =001 INLIS000000000021017 =005 20130612115922 =008 ***********************************Ind** =035 ##$$0010-061300000021017 =041 ##$$a Ind =082 ##$$a R.4x0.990 3 =090 ##$$a R.4x0.990 3, Kam k =245 ##$$a Kamus melayu-Indoneisa, oleh Achadiati Ikram...[et.al] =260 ##$$a 1985 $b Jakarta =300 ##$$a v, 229 hlm, 21 cm =650 ##$$a Melayu - Indonesia - Kamus =850 ##$$a NBPNMAT